LIBRARY & INFORMATION CENTRE, KCAET, TAVANUR

ONLINE PUBLIC ACCESS CATALOGUE (OPAC)

Sushmamugulakangal krishiyil / (Record no. 5396)

MARC details
000 -LEADER
fixed length control field 00533cam a2200217ua 4500
041 ## - LANGUAGE CODE
Language code of text/sound track or separate title mal
082 ## - DEWEY DECIMAL CLASSIFICATION NUMBER
Classification number 631.417
Item number YOG/SU
100 ## - MAIN ENTRY--AUTHOR NAME
Personal name Yogesan, J .
245 ## - TITLE STATEMENT
Title Sushmamugulakangal krishiyil /
250 ## - EDITION STATEMENT
Edition statement 1 /
260 ## - PUBLICATION, DISTRIBUTION, ETC. (IMPRINT)
Place of publication Thiruvananthapuram :
Name of publisher State Instititute of Languages ,
Year of publication 1957.
300 ## - PHYSICAL DESCRIPTION
Number of Pages ; .
942 ## - ADDED ENTRY ELEMENTS (KOHA)
Koha item type Books
Holdings
Withdrawn status Lost status Damaged status Home library Current library Date acquired Full call number Accession Number Koha item type
      KAUAET KAUAET 07/04/2012 631.417 13669 Books
      KAUAET KAUAET 07/04/2012 631.417 13610 Books
      KAUAET KAUAET 07/04/2012 631.417 13668 Books
      KAUAET KAUAET 07/04/2012 631.417 13667 Books
free website counter